Tài liệu bồi dưỡng dạy lớp 1 theo chương trình tiểu học mới tập bài hát lớp 1 Tài liệu được xuất bản trong khuôn khổ dự án phát triển giáo viên tiểu học
Các bài hát trong sách giáo khoa
সংরক্ষণ করুন:
| প্রধান লেখক: | |
|---|---|
| বিন্যাস: | গ্রন্থ |
| ভাষা: | Undetermined |
| অনলাইন ব্যবহার করুন: | http://lrc.tdmu.edu.vn/opac/search/detail.asp?aID=2&ID=21079 |
| ট্যাগগুলো: |
ট্যাগ যুক্ত করুন
কোনো ট্যাগ নেই, প্রথমজন হিসাবে ট্যাগ করুন!
|
| Thư viện lưu trữ: | Trung tâm Học liệu Trường Đại học Thủ Dầu Một |
|---|
| LEADER | 00823nam a2200157Ia 4500 | ||
|---|---|---|---|
| 001 | TDMU_21079 | ||
| 008 | 210410s9999 xx 000 0 und d | ||
| 082 | |a 372.87 | ||
| 090 | |b T103 | ||
| 100 | |a Bộ giáo dục và Đào tạo | ||
| 245 | 0 | |a Tài liệu bồi dưỡng dạy lớp 1 theo chương trình tiểu học mới tập bài hát lớp 1 | |
| 245 | 0 | |b Tài liệu được xuất bản trong khuôn khổ dự án phát triển giáo viên tiểu học | |
| 245 | 0 | |c Bộ Giáo dục và Đào tạo. Dự án phát triển giáo viên tiểu học | |
| 520 | |a Các bài hát trong sách giáo khoa | ||
| 856 | |u http://lrc.tdmu.edu.vn/opac/search/detail.asp?aID=2&ID=21079 | ||
| 980 | |a Trung tâm Học liệu Trường Đại học Thủ Dầu Một | ||